| 000 | 006780000a22001930004500 | ||
|---|---|---|---|
| 050 | 4 | _aCD 076 | |
| 110 | 1 | _aTEARFUND | |
| 245 | 1 | 0 | _aRevista Roots Números 1 al 8 |
| 250 | _a1 | ||
| 260 | _aInglaterra : Tearfund | ||
| 500 | _aRecursos que promueven oportunidades organizacionales de transformación y organización. Presentación en power point por cada tema | ||
| 505 | 0 | 0 | _aPublicaciones sobre: recaudación de fondos, participación ciudadana, participación de menores, etc. |
| 650 | 1 | 4 | _aDESARROLLO DE LA COMUNIDAD |
| 001 | 14549 | ||
| 942 | _cBK | ||
| 999 |
_c43405 _d43405 |
||
| 336 |
_atexto _btxt _2rdacontent |
||
| 337 |
_2rdamedia _asin mediación _bn |
||
| 338 |
_2rdacarrier _avolumen _bnc |
||